000 00372pam a2200157a 44500
008 230405s2006 xxu||||| |||| 00| 0 eng d
041 _aENG
100 _aAXELSON JAN
245 _aTHE MICROCONTROLLER IDEA BOOK
250 _a2006
260 _aNEW DELHI
_bPENRAM INTERNATIONAL PUB
_c2006
300 _aP.B,X,278
650 _aE&TC
690 _aE&TC
906 _a1875
999 _c816070
_d816070